000 00504nam a2200181Ia 4500
005 20250326142435.0
008 250326s9999 xx 000 0 und d
037 _aTextbook
040 _aFMSL
_beng
_cFMSL
041 _aeng
_2eng
084 _aB2893P N1
_qFMSL
100 _aNarang A S
245 0 _aLinear programming and decision making
_cNarang A S
260 _aNew Delhi
_bNew Delhi, Sultan Chand
_c1991
300 _a216p
942 _cTB
_hB2893P N1
999 _c1295034
_d1295034